Guess the US city Quiz Stats

 Plays Quiz not verified by Sporcle

Also try: 'R' in Geography
Challenge
Share
Tweet
Embed
Score 0/20 Timer 05:00
0 Plays Today
% Correct
New York
98.8%
Orlando
97.7%
New Orleans
94.8%
Indianapolis
94.2%
Las Vegas
94.2%
Boston
93%
San Francisco
91.9%
Honolulu
91.3%
Denver
90.7%
Memphis
90.1%
% Correct
Chicago
89.5%
Cleveland
87.8%
Montgomery
86.6%
Minneapolis
84.3%
Green Bay
82.6%
Seattle
79.7%
Atlanta
79.7%
Detroit
72.7%
Omaha
69.8%
Baltimore
66.9%

You're not logged in!

Compare scores with friends on all Sporcle quizzes.
OR
Log In

You Might Also Like...

Show Comments

Extras

Top Quizzes Today


Score Distribution

Your Account Isn't Verified!

In order to create a playlist on Sporcle, you need to verify the email address you used during registration. Go to your Sporcle Settings to finish the process.

Report this User

Report this user for behavior that violates our Community Guidelines.

Details: